[Event "Titled Tuesday intern op 15th Aug Early"]
[Site "Chess.com INT"]
[Date "2023.08.15"]
[Round "5"]
[White "Hambleton, Aman"]
[Black "Saypuri, Srithan"]
[Result "1-0"]
[WhiteElo "2420"]
[BlackElo "2145"]
[PlyCount "129"]
[EventDate "2023.08.15"]
[EventType "swiss (blitz)"]
[EventRounds "11"]
[EventCountry "USA"]
[SourceTitle "EXT 2024"]
[Source "ChessBase"]
[SourceDate "2023.10.10"]
[SourceVersion "1"]
[SourceVersionDate "2023.10.10"]
[SourceQuality "1"]

1. d4 Nf6 2. c4 e6 3. Nc3 d5 4. cxd5 exd5 5. Bg5 Bb4 6. e3 0-0 7. Bd3 h6 8. Bh4 Be6 9. Nge2 Nbd7 10. a3 Be7 11. 0-0 c5 12. dxc5 Nxc5 13. Bc2 Nce4 14. Rc1 Rc8 15. Bxe4 dxe4 16. Qxd8 Rfxd8 17. Nd4 Bc4 18. Rfd1 g5 19. Nf5 Bf8 20. Bg3 Bd3 21. h4 Nh5 22. hxg5 hxg5 23. Bh2 Ng7 24. Ng3 f5 25. Nge2 Bd6 26. Bxd6 Rxd6 27. Nd4 Rh6 28. f3 Kf7 29. fxe4 fxe4 30. Nd5 Rch8 31. Rc7+ Kg6 32. Rdc1 Rh1+ 33. Kf2 Rf8+ 34. Nf4+ gxf4 35. Rxh1 fxe3+ 36. Kxe3 Rf7 37. Rxf7 Kxf7 38. g4 Kg6 39. Rc1 Kg5 40. Rc7 Ne8 41. Rxb7 Nf6 42. Rxa7 Nxg4+ 43. Kd2 Kf4 44. Rf7+ Ke5 45. Nc2 Bc4 46. Re7+ Kf4 47. Re8 Ne5 48. Rxe5 Kxe5 49. Ne3 Ba6 50. Kc3 Kf4 51. Kd4 Kf3 52. a4 Ke2 53. b4 Kd2 54. b5 Bb7 55. a5 Ke2 56. a6 Bc8 57. Nc4 Kf3 58. Kc5 e3 59. Nxe3 Kxe3 60. Kd6 Kd4 61. Kc7 Bg4 62. b6 Be2 63. a7 Bf3 64. b7 Bxb7 65. Kxb7 1-0

[Event "Titled Tuesday intern op 15th Aug Early"]
[Site "Chess.com INT"]
[Date "2023.08.15"]
[Round "9"]
[White "Rosenberg, Evan"]
[Black "Saypuri, Srithan"]
[Result "1-0"]
[WhiteElo "1941"]
[BlackElo "2145"]
[PlyCount "131"]
[EventDate "2023.08.15"]
[EventType "swiss (blitz)"]
[EventRounds "11"]
[EventCountry "USA"]
[SourceTitle "EXT 2024"]
[Source "ChessBase"]
[SourceDate "2023.10.10"]
[SourceVersion "1"]
[SourceVersionDate "2023.10.10"]
[SourceQuality "1"]

1. d4 Nf6 2. Nf3 d5 3. c3 Bf5 4. Qb3 b6 5. c4 e6 6. Nc3 c6 7. g3 Nbd7 8. Bg2 Be7 9. 0-0 0-0 10. Nh4 Bg6 11. Nxg6 hxg6 12. Rd1 Rc8 13. e4 dxe4 14. Nxe4 Nxe4 15. Bxe4 Nf6 16. Bg2 Qd7 17. Bf4 Rfd8 18. a4 Bd6 19. Be5 Ne8 20. a5 Qc7 21. axb6 axb6 22. Bxd6 Nxd6 23. Ra6 Rb8 24. Rda1 c5 25. Ra7 Qc8 26. d5 e5 27. h4 Rd7 28. R7a6 Rdb7 29. Kh2 f5 30. Qc3 Qe8 31. b3 Qe7 32. Re1 e4 33. Qe3 Qe5 34. f3 Re7 35. fxe4 fxe4 36. Ra2 Rf8 37. Rf2 Rxf2 38. Qxf2 e3 39. Qf4 Nf5 40. Qxe5 Rxe5 41. g4 Nxh4 42. Kg3 Nxg2 43. Kxg2 Kf7 44. Kf3 Re7 45. Rxe3 Ra7 46. Re6 Ra1 47. Rxb6 Rb1 48. Ke4 Ke7 49. Kf4 Kf7 50. Kg5 Rb2 51. Rb7+ Ke8 52. Kxg6 Kd8 53. g5 Kc8 54. Rb5 Kd7 55. Kxg7 Kd6 56. g6 Ke5 57. Kg8 Kf6 58. g7 Rg2 59. Rb6+ Ke5 60. Kf8 Rf2+ 61. Ke7 Rg2 62. Kf7 Rf2+ 63. Kg8 Rg2 64. Re6+ Kd4 65. d6 Kc3 66. d7 1-0

[Event "Titled Tuesday intern op 15th Aug Early"]
[Site "Chess.com INT"]
[Date "2023.08.15"]
[Round "3"]
[White "Saypuri, Srithan"]
[Black "Asish, Panda"]
[Result "1-0"]
[WhiteElo "2145"]
[BlackElo "1731"]
[PlyCount "79"]
[EventDate "2023.08.15"]
[EventType "swiss (blitz)"]
[EventRounds "11"]
[EventCountry "USA"]
[SourceTitle "EXT 2024"]
[Source "ChessBase"]
[SourceDate "2023.10.10"]
[SourceVersion "1"]
[SourceVersionDate "2023.10.10"]
[SourceQuality "1"]

1. e4 c5 2. Nf3 Nc6 3. Bb5 g6 4. 0-0 Bg7 5. Re1 Nf6 6. c3 0-0 7. h3 d5 8. e5 Nd7 9. d4 e6 10. Be3 Qb6 11. Bxc6 bxc6 12. b3 cxd4 13. cxd4 Ba6 14. Nc3 Rfe8 15. Rc1 Rac8 16. Na4 Qc7 17. Qd2 Bb5 18. Nc5 Nxc5 19. Rxc5 Bf8 20. Rc2 a5 21. a4 Ba6 22. Rec1 Bb7 23. Ne1 Ba8 24. Nd3 Rb8 25. Nc5 Bxc5 26. Rxc5 Rxb3 27. Rxa5 Bb7 28. Rac5 Ra8 29. a5 Qd8 30. Bg5 Qe8 31. Qa2 Rb5 32. Bf6 Rxc5 33. Rxc5 Ba6 34. Qc2 Bc4 35. Qd2 Ra6 36. Bg5 h5 37. Qf4 Kh7 38. g4 hxg4 39. Qxg4 Qh8 40. Bf6 1-0

[Event "Budapest FS07 IM"]
[Site "Budapest"]
[Date "2023.07.09"]
[Round "8"]
[White "Saypuri, Srithan"]
[Black "Varga, Zoltan"]
[Result "0-1"]
[WhiteElo "2141"]
[BlackElo "2375"]
[PlyCount "118"]
[EventDate "2023.07.01"]
[EventType "swiss"]
[EventRounds "9"]
[EventCountry "HUN"]
[SourceTitle "EXT 2024"]
[Source "ChessBase"]
[SourceDate "2023.10.10"]
[SourceVersion "1"]
[SourceVersionDate "2023.10.10"]
[SourceQuality "1"]

1. e4 d5 2. exd5 Qxd5 3. Nf3 Bg4 4. Nc3 Qe6+ 5. Qe2 Qxe2+ 6. Bxe2 c6 7. h3 Bf5 8. g4 Bg6 9. Ne5 Nd7 10. Nxd7 Kxd7 11. d3 e6 12. Be3 Nf6 13. 0-0-0 Nd5 14. Bd2 Bd6 15. Ne4 Bc7 16. Nc5+ Kc8 17. Bf3 a5 18. a3 b6 19. Nb3 Rd8 20. Nd4 Kb7 21. Be3 Rd6 22. Ne2 Rad8 23. Bd2 b5 24. Nf4 Nxf4 25. Bxf4 R6d7 26. Bxc7 Kxc7 27. h4 h6 28. Rde1 Rd4 29. Rhg1 Rf4 30. Rg3 c5 31. h5 Bh7 32. Re2 Rdd4 33. Re3 c4 34. dxc4 Rxc4 35. c3 Rc5 36. Kd2 b4 37. axb4 axb4 38. Ke1 Ra5 39. cxb4 Ra1+ 40. Kd2 Rxb4 41. Kc3 Rf4 42. Re2 Kd6 43. b3 Rf1 44. Rd2+ Ke7 45. Be2 Rc1+ 46. Kb2 Rb1+ 47. Ka2 Rxf2 48. Re3 Re1 49. Rb2 Rf4 50. b4 Be4 51. Ka3 Bd5 52. Ka4 Kd6 53. Kb5 Rxg4 54. Bxg4 Rxe3 55. Kb6 f5 56. Bd1 f4 57. b5 Ra3 58. Rd2 f3 59. Bc2 Ra2 0-1

[Event "Budapest FS07 IM"]
[Site "Budapest"]
[Date "2023.07.02"]
[Round "2"]
[White "Saypuri, Srithan"]
[Black "Ilincic, Zlatko"]
[Result "0-1"]
[WhiteElo "2141"]
[BlackElo "2317"]
[PlyCount "74"]
[EventDate "2023.07.01"]
[EventType "swiss"]
[EventRounds "9"]
[EventCountry "HUN"]
[SourceTitle "EXT 2024"]
[Source "ChessBase"]
[SourceDate "2023.10.10"]
[SourceVersion "1"]
[SourceVersionDate "2023.10.10"]
[SourceQuality "1"]

1. e4 c6 2. d4 d5 3. Nc3 dxe4 4. Nxe4 Nd7 5. Nf3 Ngf6 6. Nxf6+ Nxf6 7. Be2 Bf5 8. 0-0 h6 9. c4 e6 10. Qb3 Qb6 11. Qa4 Be7 12. Rd1 0-0 13. c5 Qc7 14. Ne5 Nd5 15. Bd3 Bxc5 16. Bxf5 exf5 17. Nxf7 Qxf7 18. dxc5 Rfe8 19. Bd2 Re2 20. Qc4 Rae8 21. Bc3 R8e4 22. Rd4 Nxc3 23. Rxe4 fxe4 24. Qxf7+ Kxf7 25. bxc3 Ke6 26. Rb1 Rxa2 27. h3 a5 28. Rxb7 a4 29. Rxg7 a3 30. Ra7 h5 31. g4 hxg4 32. h4 g3 33. fxg3 e3 34. Kf1 Rf2+ 35. Kg1 Rb2 36. Rxa3 Rb1+ 37. Kg2 e2 0-1

[Event "Titled Tuesday intern op 14th Feb Early"]
[Site "Chess.com INT"]
[Date "2023.02.14"]
[Round "4"]
[White "Larina, Marija"]
[Black "Saypuri, Srithan"]
[Result "0-1"]
[WhiteElo "1948"]
[BlackElo "2175"]
[PlyCount "82"]
[EventDate "2023.02.14"]
[EventType "swiss (blitz)"]
[EventRounds "11"]
[EventCountry "USA"]
[SourceTitle "CBM 212 Extra"]
[Source "ChessBase"]
[SourceDate "2023.03.31"]
[SourceVersion "1"]
[SourceVersionDate "2023.03.31"]
[SourceQuality "1"]

1. e4 e5 2. Nf3 Nf6 3. Nc3 Bb4 4. Nd5 Nxd5 5. exd5 d6 6. c3 Ba5 7. d4 exd4 8. Qxd4 0-0 9. Be3 Bb6 10. Qd2 Bxe3 11. fxe3 Bf5 12. Bd3 Bxd3 13. Qxd3 Nd7 14. 0-0 Ne5 15. Nxe5 dxe5 16. e4 Qd6 17. Kh1 Rad8 18. Rad1 c6 19. c4 g6 20. b3 f5 21. exf5 cxd5 22. fxg6 Rxf1+ 23. Rxf1 Qxg6 24. Qe2 e4 25. cxd5 Rxd5 26. Qc4 Qe6 27. Re1 Re5 28. Qd4 e3 29. Qd8+ Kg7 30. Qh4 e2 31. Qg3+ Kf8 32. Qf2+ Kg8 33. h3 Re3 34. Qh4 Qf7 35. Qd8+ Re8 36. Qg5+ Kh8 37. Qg3 Qf6 38. Qd3 a6 39. Kh2 Qf4+ 40. g3 Qf2+ 41. Kh1 Qxe1+ 0-1

[Event "Titled Tuesday intern op 07th Feb Early"]
[Site "Chess.com INT"]
[Date "2023.02.07"]
[Round "4"]
[White "Czernek, Tymon"]
[Black "Saypuri, Srithan"]
[Result "0-1"]
[WhiteElo "2299"]
[BlackElo "2175"]
[PlyCount "62"]
[EventDate "2023.02.07"]
[EventType "swiss (blitz)"]
[EventRounds "11"]
[EventCountry "USA"]
[SourceTitle "EXT 2024"]
[Source "ChessBase"]
[SourceDate "2023.10.10"]
[SourceVersion "1"]
[SourceVersionDate "2023.10.10"]
[SourceQuality "1"]

1. e4 e5 2. Nf3 Nf6 3. Nxe5 d6 4. Nf3 Nxe4 5. Nc3 Nxc3 6. dxc3 Be7 7. Bf4 Nd7 8. Qd2 Nc5 9. 0-0-0 0-0 10. Nd4 Ne6 11. Be3 Nxd4 12. cxd4 d5 13. Bd3 b6 14. Kb1 c5 15. c3 c4 16. Bc2 Be6 17. h3 b5 18. g4 a5 19. f4 f5 20. Rde1 b4 21. Bf2 bxc3 22. Qe3 Ra6 23. gxf5 Qb8 24. Qc1 Ba3 25. Rxe6 Bxb2 26. Qd1 Ba3+ 27. Bb3 cxb3 28. Qxb3 Rxe6 29. fxe6 Qxf4 30. Qxa3 Qe4+ 31. Kc1 Qxh1+ 0-1

[Event "Titled Tuesday intern op 07th Feb Early"]
[Site "Chess.com INT"]
[Date "2023.02.07"]
[Round "7"]
[White "Saypuri, Srithan"]
[Black "Cherniaiev, Tykhon"]
[Result "1/2-1/2"]
[WhiteElo "2175"]
[BlackElo "2330"]
[PlyCount "87"]
[EventDate "2023.02.07"]
[EventType "swiss (blitz)"]
[EventRounds "11"]
[EventCountry "USA"]
[SourceTitle "EXT 2024"]
[Source "ChessBase"]
[SourceDate "2023.10.10"]
[SourceVersion "1"]
[SourceVersionDate "2023.10.10"]
[SourceQuality "1"]

1. e4 e5 2. Nf3 Nc6 3. Bb5 Nf6 4. 0-0 Nxe4 5. Re1 Nd6 6. Bxc6 dxc6 7. Nxe5 Be7 8. d4 0-0 9. c3 Bf6 10. Bf4 Nf5 11. Nd2 Re8 12. Qc2 Nd6 13. Ndc4 Bf5 14. Qd2 h6 15. Nxd6 cxd6 16. Nc4 Qd7 17. Nxd6 Rxe1+ 18. Rxe1 Be6 19. a3 Be7 20. Ne4 Bd5 21. f3 Re8 22. Nf2 Bf6 23. Nd3 Rxe1+ 24. Qxe1 Qf5 25. Qe3 Bc4 26. Nf2 g5 27. Qe8+ Kg7 28. Bc1 c5 29. Qe4 Qxe4 30. Nxe4 cxd4 31. Nxf6 Kxf6 32. cxd4 Bd5 33. Kf2 Kf5 34. Ke3 h5 35. Bd2 g4 36. fxg4+ hxg4 37. g3 a6 38. Bb4 b5 39. Bd6 Bc4 40. Bb8 Bd5 41. Bc7 Bc4 42. Bb8 Bd5 43. Bc7 Bc4 44. Bb8 1/2-1/2

[Event "Titled Tuesday intern op 07th Feb Early"]
[Site "Chess.com INT"]
[Date "2023.02.07"]
[Round "11"]
[White "Saypuri, Srithan"]
[Black "Royal, Shreyas"]
[Result "0-1"]
[WhiteElo "2175"]
[BlackElo "2452"]
[PlyCount "46"]
[EventDate "2023.02.07"]
[EventType "swiss (blitz)"]
[EventRounds "11"]
[EventCountry "USA"]
[SourceTitle "EXT 2024"]
[Source "ChessBase"]
[SourceDate "2023.10.10"]
[SourceVersion "1"]
[SourceVersionDate "2023.10.10"]
[SourceQuality "1"]

1. e4 c5 2. Nf3 d6 3. d4 cxd4 4. Nxd4 Nf6 5. Nc3 a6 6. h3 e5 7. Nb3 b5 8. a3 Bb7 9. Bd3 Nbd7 10. 0-0 d5 11. exd5 Nxd5 12. Nxd5 Bxd5 13. Qe2 Bc5 14. Be4 Bxe4 15. Qxe4 0-0 16. Nxc5 Nxc5 17. Qxe5 Ne6 18. Be3 Rc8 19. Rfd1 Qa5 20. c3 Qa4 21. Qd6 Rfd8 22. b3 Qxb3 23. Rab1 Rxd6 0-1

[Event "Titled Tuesday intern op 07th Feb Early"]
[Site "Chess.com INT"]
[Date "2023.02.07"]
[Round "3"]
[White "Saypuri, Srithan"]
[Black "Sattarov, Bobir"]
[Result "0-1"]
[WhiteElo "2175"]
[BlackElo "2387"]
[PlyCount "70"]
[EventDate "2023.02.07"]
[EventType "swiss (blitz)"]
[EventRounds "11"]
[EventCountry "USA"]
[SourceTitle "EXT 2024"]
[Source "ChessBase"]
[SourceDate "2023.10.10"]
[SourceVersion "1"]
[SourceVersionDate "2023.10.10"]
[SourceQuality "1"]

1. e4 e5 2. Nf3 Nc6 3. Bb5 a6 4. Ba4 Bc5 5. 0-0 Qf6 6. Nc3 Nge7 7. Bb3 0-0 8. Nd5 Nxd5 9. Bxd5 h6 10. c3 d6 11. Bxc6 bxc6 12. d4 exd4 13. cxd4 Ba7 14. h3 Rb8 15. b3 Qg6 16. Re1 Bxh3 17. Nh4 Qg4 18. Qxg4 Bxg4 19. Bb2 c5 20. dxc5 Bxc5 21. Nf5 Bxf5 22. exf5 Rfe8 23. Kf1 Kf8 24. Rxe8+ Rxe8 25. Re1 Rxe1+ 26. Kxe1 h5 27. Ke2 g6 28. fxg6 fxg6 29. Bf6 Kf7 30. Bd8 c6 31. f3 Ke6 32. g4 d5 33. Kd3 Be7 34. Bc7 h4 35. f4 Bd6 0-1

[Event "Titled Tuesday intern op 07th Feb Early"]
[Site "Chess.com INT"]
[Date "2023.02.07"]
[Round "6"]
[White "Saypuri, Srithan"]
[Black "Tan, Jun Ying"]
[Result "0-1"]
[WhiteElo "2175"]
[BlackElo "2307"]
[PlyCount "70"]
[EventDate "2023.02.07"]
[EventType "swiss (blitz)"]
[EventRounds "11"]
[EventCountry "USA"]
[SourceTitle "EXT 2024"]
[Source "ChessBase"]
[SourceDate "2023.10.10"]
[SourceVersion "1"]
[SourceVersionDate "2023.10.10"]
[SourceQuality "1"]

1. e4 c5 2. Nf3 Nc6 3. Bb5 d6 4. 0-0 Bd7 5. d4 cxd4 6. Nxd4 Nf6 7. Re1 g6 8. c3 Bg7 9. Bg5 0-0 10. Bxc6 bxc6 11. Nd2 Qc7 12. N4b3 a5 13. Be3 a4 14. Nd4 c5 15. Nc2 Bc6 16. f3 Rab8 17. b3 Nd7 18. Nb1 axb3 19. axb3 Rxb3 20. Nb4 Rxb1 21. Qxb1 cxb4 22. Qxb4 Rb8 23. Qa3 Ne5 24. Bd4 h5 25. Reb1 Rxb1+ 26. Rxb1 Qd7 27. Qa5 Kh7 28. Rb8 h4 29. Qb6 h3 30. Rd8 Qe6 31. Bxe5 Qxe5 32. Qxc6 Qg5 33. g4 Qe3+ 34. Kf1 Qxf3+ 35. Ke1 Bxc3+ 0-1

[Event "Titled Tuesday intern op 24th Jan Late"]
[Site "Chess.com INT"]
[Date "2023.01.24"]
[Round "2"]
[White "Sanchez, Roberto Daniel"]
[Black "Saypuri, Srithan"]
[Result "1-0"]
[WhiteElo "1971"]
[BlackElo "2175"]
[PlyCount "81"]
[EventDate "2023.01.24"]
[EventType "swiss (blitz)"]
[EventRounds "11"]
[EventCountry "USA"]
[SourceTitle "EXT 2024"]
[Source "ChessBase"]
[SourceDate "2023.10.10"]
[SourceVersion "1"]
[SourceVersionDate "2023.10.10"]
[SourceQuality "1"]

1. e4 e5 2. Nf3 Nf6 3. Nxe5 d6 4. Nf3 Nxe4 5. d4 d5 6. h3 Be7 7. Bd3 0-0 8. 0-0 Bf5 9. c4 c6 10. Nc3 Nxc3 11. bxc3 Bxd3 12. Qxd3 dxc4 13. Qxc4 Nd7 14. Rb1 Nb6 15. Qd3 Bf6 16. a4 Qc7 17. a5 Nd5 18. a6 b6 19. Bd2 Rad8 20. Qf5 g6 21. Qg4 Bg7 22. h4 f5 23. Qh3 Nf4 24. Bxf4 Qxf4 25. Ng5 Rfe8 26. Qd3 Qd6 27. Rfe1 h6 28. Nf3 Kh7 29. h5 c5 30. hxg6+ Qxg6 31. Rxe8 Rxe8 32. dxc5 bxc5 33. Rb7 Re4 34. Rxa7 Rg4 35. g3 c4 36. Qe2 f4 37. Ne5 Qb1+ 38. Kg2 Rg5 39. Rb7 Qc1 40. Qe4+ Kh8 41. Rb8+ 1-0

[Event "Titled Tuesday intern op 24th Jan Late"]
[Site "Chess.com INT"]
[Date "2023.01.24"]
[Round "8"]
[White "Saypuri, Srithan"]
[Black "Novikov, Evgenij"]
[Result "1/2-1/2"]
[WhiteElo "2175"]
[BlackElo "2276"]
[PlyCount "93"]
[EventDate "2023.01.24"]
[EventType "swiss (blitz)"]
[EventRounds "11"]
[EventCountry "USA"]
[SourceTitle "EXT 2024"]
[Source "ChessBase"]
[SourceDate "2023.10.10"]
[SourceVersion "1"]
[SourceVersionDate "2023.10.10"]
[SourceQuality "1"]

1. e4 c5 2. Nf3 d6 3. d4 cxd4 4. Nxd4 Nf6 5. Nc3 a6 6. h3 e5 7. Nb3 Be7 8. g4 h6 9. Be3 Be6 10. Bg2 Nbd7 11. Qe2 Qc7 12. Nd5 Bxd5 13. exd5 Rc8 14. c3 Nb6 15. Bxb6 Qxb6 16. 0-0 Nd7 17. Rad1 h5 18. Rfe1 hxg4 19. hxg4 Bg5 20. Nd4 g6 21. Qc2 Kf8 22. Ne6+ fxe6 23. Qxg6 Rg8 24. Qxe6 Rg7 25. Rd3 Re8 26. Rf3+ Nf6 27. Rxf6+ Bxf6 28. Qxf6+ Rf7 29. Qh6+ Ke7 30. Re3 Ref8 31. Rxe5+ Kd8 32. Qg5+ Kc8 33. Rf5 Rxf5 34. gxf5 Qxb2 35. Bh3 Kb8 36. Qg7 Qc1+ 37. Kg2 Re8 38. Bg4 Re1 39. Qf8+ Ka7 40. Qxd6 Rg1+ 41. Kh3 Qxc3+ 42. f3 Qe1 43. Qc5+ Kb8 44. Qd6+ Ka7 45. Qc5+ Ka8 46. Qc8+ Ka7 47. Qc5+ 1/2-1/2

[Event "Titled Tuesday intern op 17th Jan Late"]
[Site "Chess.com INT"]
[Date "2023.01.17"]
[Round "4"]
[White "Goncalves, Davi Sulzbacher"]
[Black "Saypuri, Srithan"]
[Result "1/2-1/2"]
[WhiteElo "2282"]
[BlackElo "2175"]
[PlyCount "145"]
[EventDate "2023.01.17"]
[EventType "swiss (blitz)"]
[EventRounds "11"]
[EventCountry "USA"]
[SourceTitle "CBM 212 Extra"]
[Source "ChessBase"]
[SourceDate "2023.03.31"]
[SourceVersion "1"]
[SourceVersionDate "2023.03.31"]
[SourceQuality "1"]

1. Nf3 Nf6 2. c4 g6 3. Nc3 Bg7 4. e4 d6 5. d4 0-0 6. Be2 e5 7. d5 a5 8. Bg5 h6 9. Bh4 g5 10. Bg3 Nh5 11. Nd2 Nf4 12. Bxf4 exf4 13. Bg4 f5 14. Bxf5 Bxf5 15. exf5 Rxf5 16. Qc2 Re5+ 17. Nde4 Na6 18. 0-0-0 Nb4 19. Qb3 b6 20. f3 Na6 21. h4 Nc5 22. Qc2 Nxe4 23. Nxe4 gxh4 24. a4 Qe7 25. Rde1 Re8 26. Kd1 Bf6 27. Re2 Bg5 28. Rhe1 Qg7 29. Nc3 Rxe2 30. Rxe2 Qd4+ 31. Qd2 Qxd2+ 32. Kxd2 Rxe2+ 33. Kxe2 Kf7 34. Kd3 Kg6 35. Ke4 Bf6 36. Nb5 Bd8 37. Kxf4 h5 38. Ke4 Kg5 39. Nd4 h3 40. gxh3 Kh4 41. Ne6 Bf6 42. Kf5 Bxb2 43. Ng5 Bc1 44. f4 Kg3 45. Kg6 Bxf4 46. Kxh5 Kf2 47. Ne6 Be5 48. Nxc7 Ke3 49. Na8 Bd4 50. Kg6 Kd3 51. h4 Kxc4 52. h5 Kxd5 53. h6 Ke6 54. h7 Bh8 55. Nxb6 d5 56. Kg5 d4 57. Kf4 Kd6 58. Nc4+ Kc5 59. Nxa5 Kb4 60. Nc6+ Kc3 61. Nxd4 Kxd4 62. Kf5 Kc5 63. Ke6 Kb4 64. Kd5 Kxa4 65. Kc4 Ka5 66. Kc5 Ka6 67. Kc6 Ka7 68. Kc7 Ka6 69. Kc6 Ba1 70. Kd5 Kb5 71. Kd6 Kb4 72. Kd5 Bc3 73. h8N 1/2-1/2

[Event "Titled Tuesday intern op 17th Jan Late"]
[Site "Chess.com INT"]
[Date "2023.01.17"]
[Round "5"]
[White "Saypuri, Srithan"]
[Black "Fishbein, Mitch"]
[Result "0-1"]
[WhiteElo "2175"]
[BlackElo "2098"]
[PlyCount "74"]
[EventDate "2023.01.17"]
[EventType "swiss (blitz)"]
[EventRounds "11"]
[EventCountry "USA"]
[SourceTitle "CBM 212 Extra"]
[Source "ChessBase"]
[SourceDate "2023.03.31"]
[SourceVersion "1"]
[SourceVersionDate "2023.03.31"]
[SourceQuality "1"]

1. e4 c5 2. Nf3 d6 3. d4 cxd4 4. Nxd4 Nf6 5. Nc3 a6 6. h3 e5 7. Nb3 Be7 8. g4 h6 9. Be3 Be6 10. Qe2 Nbd7 11. Bg2 Nb6 12. Bxb6 Qxb6 13. Nd5 Nxd5 14. exd5 Bd7 15. 0-0-0 a5 16. f4 a4 17. Nd2 Bb5 18. c4 Rc8 19. Kb1 Ba6 20. fxe5 0-0 21. e6 Bf6 22. Ne4 Be5 23. Rc1 Bxc4 24. Rxc4 Rxc4 25. e7 Re8 26. b3 axb3 27. Qxc4 bxa2+ 28. Kc2 Qb2+ 29. Kd3 Qxg2 30. Re1 Qf3+ 31. Kc2 a1Q 32. Rxa1 Bxa1 33. Nxd6 Rxe7 34. Qc8+ Kh7 35. Qf5+ Qxf5+ 36. Nxf5 Rd7 37. d6 Be5 0-1